[Event "Top Jeunes"]
[Site "Montpellier"]
[Date "2010.12.19"]
[Round "5.2"]
[White "Allamel, Benjamin"]
[Black "Bombail, Leonard"]
[Result "0-1"]
[WhiteElo "1531"]
[BlackElo "1763"]
[PlyCount "104"]

1. e4 e5 2. Nf3 Nc6 3. Bb5 a6 4. Ba4 Nf6 5. d3 b5 6. Bb3 Be7 7. c3 d6 8. h3 O-O
9. Be3 Na5 10. Bc2 c5 11. a3 Bb7 12. b4 Nc6 13. Nbd2 Qc7 14. d4 exd4 15. cxd4
cxb4 16. d5 Ne5 17. Nxe5 dxe5 18. axb4 Bxb4 19. O-O Rac8 20. Bd3 Nd7 21. Nb3
Nc5 22. Nxc5 Bxc5 23. Rc1 Qd6 24. Bxc5 Rxc5 25. Qb3 Rfc8 26. Qa3 Qc7 27. Rxc5
Qxc5 28. Qxc5 Rxc5 29. Rb1 Kf8 30. Kf1 Ke7 31. Ke2 Kd6 32. f3 Kc7 33. Kd2 Bc8
34. Rb3 Bd7 35. Rc3 Kb6 36. Rxc5 Kxc5 37. Kc3 b4+ 38. Kb3 a5 39. Ba6 a4+ 40.
Ka2 f5 41. Bb7 fxe4 42. fxe4 Be8 43. g3 Kd6 44. Ba6 Bg6 45. Bd3 Kc5 46. g4 Be8
47. Ba6 Bd7 48. Be2 Kd4 49. Bf3 Kc3 50. Bd1 b3+ 51. Kb1 a3 52. d6 Be6 0-1

[Event "Top Jeunes"]
[Site "Montpellier"]
[Date "2010.12.19"]
[Round "5.3"]
[White "Gerstenkorn, Jim-David"]
[Black "Agussol, Lucas"]
[Result "1-0"]
[WhiteElo "1460"]
[BlackElo "1586"]
[PlyCount "123"]

1. d4 e6 2. c4 d5 3. Nc3 c6 4. e3 Nf6 5. Nf3 Bd6 6. Bd3 dxc4 7. Bxc4 Nbd7 8. e4
e5 9. dxe5 Bxe5 10. Nxe5 Nxe5 11. Qxd8+ Kxd8 12. Be2 Kc7 13. Bf4 Re8 14. O-O b6
15. Rfd1 Bb7 16. Rac1 Rad8 17. Nb5+ Kc8 18. Nd6+ Kc7 19. Nxe8+ Rxe8 20. f3 Nfd7
21. Rd2 f6 22. Rcd1 Bc8 23. Ba6 Re7 24. Be2 Re8 25. Rc1 Bb7 26. Bb5 Nb8 27. Ba4
Rd8 28. Bxe5+ fxe5 29. Rcd1 Rxd2 30. Rxd2 Ba6 31. Kf2 c5 32. Bb3 c4 33. Bc2 Nc6
34. a3 Nd4 35. f4 Nxc2 36. Rxc2 exf4 37. Rd2 Bb7 38. Kf3 g5 39. Rd4 b5 40. Kg4
h6 41. Kh5 Bc8 42. Kxh6 g4 43. e5 f3 44. gxf3 gxf3 45. Rf4 Bb7 46. Kg7 Bd5 47.
h4 a5 48. e6 Bxe6 49. Rxf3 b4 50. h5 Bg4 51. Rf7+ Kd6 52. h6 c3 53. bxc3 bxc3
54. h7 c2 55. h8=Q c1=Q 56. Qd8+ Ke5 57. Qxa5+ Kd4 58. Qb4+ Kd3 59. Qxg4 Qc3+
60. Kh7 Kd2 61. Rf3 Qc7+ 62. Kh6 1-0

[Event "Top Jeunes"]
[Site "Montpellier"]
[Date "2010.12.19"]
[Round "5.4"]
[White "Arnaud-Audiffren, Alexandre"]
[Black "Caslani, Nicolas"]
[Result "1-0"]
[WhiteElo "1519"]
[BlackElo "1698"]
[PlyCount "83"]

1. d4 Nf6 2. Bf4 g6 3. e3 Bg7 4. Nf3 d6 5. Be2 O-O 6. O-O b6 7. h3 Bb7 8. c4
Nbd7 9. Nc3 a6 10. b4 Re8 11. a4 c5 12. b5 axb5 13. axb5 Rxa1 14. Qxa1 e5 15.
dxe5 dxe5 16. Bh2 Qe7 17. Rd1 Ra8 18. Qc1 Ne8 19. Qd2 e4 20. Qxd7 Qxd7 21. Rxd7
exf3 22. gxf3 Bxc3 23. Rxb7 Ba5 24. Bd3 Rd8 25. Be4 Nf6 26. Bc7 Rd1+ 27. Kg2
Nd7 28. Bc6 Kf8 29. Bxd7 Rxd7 30. Rb8+ Ke7 31. Bxb6 Bxb6 32. Rxb6 Rc7 33. Kg3
Kd7 34. e4 Ra7 35. Rc6 Ra4 36. Rxc5 Rb4 37. f4 h5 38. Kh4 Rb3 39. f5 Rb4 40.
fxg6 fxg6 41. Kg5 Rb3 42. Kxg6 1-0

[Event "Top Jeunes"]
[Site "Montpellier"]
[Date "2010.12.19"]
[Round "5.5"]
[White "Guedon, Sosthene"]
[Black "Willems, Niels"]
[Result "1-0"]
[WhiteElo "1599"]
[BlackElo "1670"]
[PlyCount "109"]

1. e4 c6 2. d4 d5 3. exd5 cxd5 4. c4 Nf6 5. Nc3 Bf5 6. Bg5 Ne4 7. Bf4 Nxc3 8.
bxc3 e6 9. Nf3 Be7 10. cxd5 Qxd5 11. Bd3 O-O 12. O-O Bg4 13. c4 Bxf3 14. gxf3
Qd7 15. Rb1 Rd8 16. Be4 Nc6 17. d5 exd5 18. cxd5 Na5 19. Qd3 Rac8 20. Bxh7+ Kf8
21. Bf5 Qa4 22. Bxc8 Rxc8 23. d6 Qxf4 24. dxe7+ Ke8 25. Qb5+ Nc6 26. Qxb7 Qg5+
27. Kh1 Qf5 28. Rb3 Na5 29. Qb5+ Qxb5 30. Rxb5 Nc6 31. Rc5 Kxe7 32. Rfc1 Kd7
33. Kg2 Ne7 34. Rxc8 Nxc8 35. f4 Nd6 36. Kf3 Ke6 37. Rc5 f5 38. Rc7 Nb5 39.
Rxg7 Nd4+ 40. Ke3 Nc2+ 41. Kd2 Nd4 42. Rxa7 Nf3+ 43. Ke2 Nxh2 44. f3 Ng4 45.
fxg4 fxg4 46. Rg7 Kf5 47. a4 Kxf4 48. a5 g3 49. a6 g2 50. Rxg2 Ke4 51. a7 Kd4
52. a8=Q Ke5 53. Qd8 Kf4 54. Qg5+ Ke4 55. Rg4# 1-0

[Event "Top Jeunes"]
[Site "Montpellier"]
[Date "2010.12.19"]
[Round "5.6"]
[White "Sambuc, David"]
[Black "Muller, Martial"]
[Result "1/2-1/2"]
[WhiteElo "1310"]
[BlackElo "1250"]
[PlyCount "59"]

1. d4 d5 2. e3 e6 3. Bd3 Nf6 4. f4 Nbd7 5. Nc3 Bd6 6. Nf3 c6 7. O-O O-O 8. Ne5
c5 9. Nb5 Qb6 10. Nxd6 Qxd6 11. c3 c4 12. Bc2 Ne4 13. Qf3 f5 14. b3 b5 15. Bxe4
fxe4 16. Qe2 Nxe5 17. fxe5 Rxf1+ 18. Qxf1 Qf8 19. Bd2 Bb7 20. b4 Qxf1+ 21. Rxf1
Rf8 22. Rxf8+ Kxf8 23. Kf2 Kf7 24. g3 Kg6 25. Kg2 h5 26. h3 Kf5 27. a3 g5 28.
Be1 g4 29. h4 a6 30. Kf2 1/2-1/2

[Event "Top Jeunes"]
[Site "Montpellier"]
[Date "2010.12.19"]
[Round "5.7"]
[White "Gillard, Martin"]
[Black "Barbe Asensio, Cyrielle"]
[Result "0-1"]
[WhiteElo "1009"]
[BlackElo "1390"]
[PlyCount "54"]

1. e4 b6 2. Bc4 Bb7 3. Qf3 e6 4. d3 Nf6 5. Nc3 Bb4 6. Bd2 O-O 7. Qg3 Re8 8. Bh6
g6 9. Qf3 Be7 10. e5 Bxf3 11. gxf3 Nd5 12. Nxd5 exd5 13. Bxd5 Nc6 14. b4 Bxb4+
15. Kd1 Rxe5 16. Be4 f5 17. Kc1 fxe4 18. fxe4 g5 19. Nf3 Re6 20. Nxg5 Rxh6 21.
Rg1 Rg6 22. f4 Nd4 23. Kd1 h6 24. f5 Rxg5 25. Rxg5+ Qxg5 26. c3 Bxc3 27. h4
Qd2# 0-1

[Event "Top Jeunes"]
[Site "Montpellier"]
[Date "2010.12.19"]
[Round "5.8"]
[White "Malandre, Lucie"]
[Black "Di Frenna, Oscar"]
[Result "1-0"]
[WhiteElo "1009"]
[BlackElo "1009"]
[PlyCount "36"]

1. e4 e5 2. Bb5 Nf6 3. Qf3 Bb4 4. Ne2 O-O 5. O-O Re8 6. Bc4 d6 7. d3 Bg4 8. Qe3
Nbd7 9. h3 Bh5 10. Nbc3 Nc5 11. g4 Nxg4 12. hxg4 Bxg4 13. Qg3 Qg5 14. Nd5 Rad8
15. Nxc7 Re7 16. Nd5 Re6 17. Nxb4 Rh6 18. Bxg5 Rh3 1-0

[Event "Top Jeunes"]
[Site "Montpellier"]
[Date "2010.12.19"]
[Round "5.10"]
[White "Barbe Asensio, Cyrielle"]
[Black "Malandre, Lucie"]
[Result "1-0"]
[WhiteElo "1390"]
[BlackElo "1009"]
[PlyCount "47"]

1. d4 Nf6 2. e3 c5 3. c3 e6 4. Nf3 Bd6 5. Bc4 O-O 6. O-O Nc6 7. Nbd2 e5 8. d5
Ne7 9. e4 Ng6 10. Re1 Bc7 11. Nf1 d6 12. Ng3 Bg4 13. h3 Bd7 14. Nf5 a6 15. Qd2
b5 16. Bb3 c4 17. Bd1 Qb8 18. Qg5 h6 19. Qg3 Qa7 20. N3h4 Bc6 21. Nxg6 Nh5 22.
Bxh5 Rae8 23. Nge7+ Rxe7 24. Qxg7# 1-0

[Event "Top Jeunes"]
[Site "Montpellier"]
[Date "2010.12.19"]
[Round "5.1"]
[White "Loiseau, Quentin"]
[Black "Tobitt-Jupillat, Eric"]
[Result "1-0"]
[WhiteElo "2219"]
[BlackElo "1605"]
[PlyCount "69"]

1. d4 d5 2. Nf3 Nf6 3. c4 e6 4. Bg5 Be7 5. Nc3 b6 6. cxd5 Nxd5 7. Bd2 Bb7 8.
Qc2 Nd7 9. e4 Nxc3 10. bxc3 O-O 11. Bd3 c5 12. O-O Rc8 13. Qd1 cxd4 14. cxd4
Nf6 15. Qe2 Re8 16. Rad1 Qd7 17. Bf4 Red8 18. Rfe1 Bb4 19. Bd2 Bxd2 20. Qxd2
Rc7 21. Qf4 Rdc8 22. h3 b5 23. Qg5 a6 24. d5 h6 25. Qf4 exd5 26. e5 Ne8 27. Bf5
Qe7 28. Bxc8 Rxc8 29. Nd4 Rc4 30. Qe3 Nc7 31. Nf5 Qb4 32. Nd6 Rc3 33. Qa7 Ba8
34. Qb8+ Kh7 35. Nxf7 1-0

[Event "Top Jeunes"]
[Site "Montpellier"]
[Date "2010.12.19"]
[Round "5.2"]
[White "Mamecier, Kevin"]
[Black "Rouffignac, Tanguy"]
[Result "0-1"]
[WhiteElo "1410"]
[BlackElo "1922"]
[PlyCount "68"]

1. e4 e5 2. Nf3 Nc6 3. Bc4 Bc5 4. c3 Nf6 5. d4 exd4 6. cxd4 Bb4+ 7. Nc3 Nxe4 8.
O-O Nxc3 9. bxc3 d5 10. cxb4 dxc4 11. Re1+ Ne7 12. Qa4+ Bd7 13. b5 O-O 14. Bg5
Re8 15. Qxc4 Bg4 16. Bxe7 Rxe7 17. Rxe7 Qxe7 18. Re1 Qd8 19. Re3 Be6 20. Rxe6
fxe6 21. Qxe6+ Kf8 22. Ne5 Qe7 23. Qxe7+ Kxe7 24. f4 Rd8 25. Nf3 Rd5 26. a4 Kf6
27. g4 a6 28. bxa6 bxa6 29. h4 Ra5 30. Kg2 Rxa4 31. Kg3 Ra2 32. f5 a5 33. Kf4
Rf2 34. Ke3 Rxf3+ 0-1

[Event "Top Jeunes"]
[Site "Montpellier"]
[Date "2010.12.19"]
[Round "5.3"]
[White "Pruvot, Louis"]
[Black "Baudry, Remi"]
[Result "1-0"]
[WhiteElo "1898"]
[BlackElo "1619"]
[PlyCount "120"]

1. d4 Nf6 2. Nf3 g6 3. c4 Bg7 4. Nc3 O-O 5. e4 d6 6. h3 e5 7. d5 Nfd7 8. g4 a5
9. Rg1 Nc5 10. Be3 Nba6 11. Rb1 Bd7 12. h4 f6 13. h5 g5 14. Nd2 a4 15. b4 axb3
16. Nxb3 b6 17. f3 Nb4 18. Rg2 Qe7 19. Rgb2 Rfb8 20. Qd2 Nba6 21. Nb5 Na4 22.
Rc2 Bxb5 23. cxb5 N6c5 24. Bc4 Kh8 25. Nc1 Nb7 26. Ne2 Nac5 27. Ng3 Ra3 28. Qe2
Na5 29. Bc1 Nxc4 30. Rxc4 Nd3+ 31. Kf1 Nxc1 32. Rbxc1 Rb7 33. Qc2 Raa7 34. Nf5
Qd7 35. a4 Kg8 36. Qc3 Kf7 37. Ne3 Bf8 38. Nc2 Be7 39. Qb3 Rb8 40. Nb4 Rc8 41.
Nc6 Raa8 42. Qc3 Bd8 43. Ke2 Kf8 44. Kd2 Ke8 45. Kc2 Qf7 46. Qd3 h6 47. Kb3 Qd7
48. Kb4 Qf7 49. R4c2 Qd7 50. Qc4 Qf7 51. Ra2 Qd7 52. a5 bxa5+ 53. Rxa5 Rxa5 54.
Nxa5 Rb8 55. Qc6 Rb6 56. Qxd7+ Kxd7 57. Nc6 Rb7 58. Ra1 Rb6 59. Ra8 Rxc6 60.
bxc6+ Ke7 1-0

[Event "Top Jeunes"]
[Site "Montpellier"]
[Date "2010.12.19"]
[Round "5.4"]
[White "Bourgery, William"]
[Black "Mohammad, Fahim"]
[Result "1-0"]
[WhiteElo "1575"]
[BlackElo "1866"]
[PlyCount "111"]

1. e4 c5 2. Nf3 d6 3. d4 cxd4 4. Nxd4 Nf6 5. Nc3 g6 6. Be3 Bg7 7. f3 O-O 8. Bc4
Nc6 9. Qd2 Bd7 10. h4 Ne5 11. Bb3 a5 12. a3 a4 13. Ba2 Rc8 14. O-O-O Qa5 15.
Nd5 Qxd2+ 16. Rxd2 Nxd5 17. Bxd5 Nc4 18. Bxc4 Rxc4 19. h5 b5 20. hxg6 fxg6 21.
c3 Ra8 22. Nc2 Rac8 23. Bg5 h5 24. Bxe7 Bh6 25. Bxd6 Bxd2+ 26. Kxd2 Be8 27. Nd4
Rd8 28. e5 g5 29. Ke3 Kh7 30. g4 h4 31. Be7 Rd5 32. Ke4 Rd7 33. Bxg5 Bg6+ 34.
Ke3 b4 35. Rxh4+ Kg8 36. e6 Rh7 37. Rxh7 Kxh7 38. cxb4 Rc1 39. Ne2 Rc2 40. Bf6
Rc6 41. Nd4 Rc1 42. f4 Re1+ 43. Ne2 Be8 44. Kf2 Rd1 45. f5 Bb5 46. Nd4 Be8 47.
Ke3 Re1+ 48. Kf4 Rb1 49. Nc2 Rf1+ 50. Kg5 Rf2 51. Ne3 Re2 52. Nc4 Bc6 53. Bc3
Kg8 54. Ne5 Bb5 55. f6 Kf8 56. Ng6+ 1-0

[Event "Top Jeunes"]
[Site "Montpellier"]
[Date "2010.12.19"]
[Round "5.5"]
[White "Chevalier, Ezio"]
[Black "Ferrari, Louis"]
[Result "1-0"]
[WhiteElo "1640"]
[BlackElo "1608"]
[PlyCount "101"]

1. d4 Nf6 2. c4 g6 3. Nc3 d5 4. cxd5 Nxd5 5. e4 Nxc3 6. bxc3 c5 7. Bc4 Bg7 8.
Ne2 O-O 9. O-O Nc6 10. Be3 Na5 11. Bd3 cxd4 12. cxd4 Nc6 13. Bc2 b6 14. Rc1 Bb7
15. Qd2 Rc8 16. Bb1 Qd7 17. Rfd1 Rfd8 18. f3 Ba6 19. Bd3 Bxd3 20. Qxd3 Qd6 21.
Rd2 Nb4 22. Qa3 Rxc1+ 23. Qxc1 Qc6 24. Qxc6 Nxc6 25. f4 Kf8 26. d5 Nb4 27. a3
Na6 28. g4 Nc7 29. Bd4 Nb5 30. Bxg7+ Kxg7 31. a4 Nd6 32. Rd4 f5 33. gxf5 gxf5
34. e5 Ne4 35. Ng3 Nxg3 36. hxg3 Kf7 37. Kf2 a6 38. Kf3 h5 39. Ke3 Kg7 40. Rd2
Kf7 41. Kd4 Kg7 42. Rh2 Kg6 43. Rc2 Rb8 44. Rc6+ Kg7 45. d6 exd6 46. exd6 Kf7
47. Ke5 b5 48. Kxf5 b4 49. Rc7+ Ke8 50. Ke6 b3 51. Rh7 1-0

[Event "Top Jeunes"]
[Site "Montpellier"]
[Date "2010.12.19"]
[Round "5.6"]
[White "Baudry, Emilien"]
[Black "Amghar, Ismael"]
[Result "0-1"]
[WhiteElo "1559"]
[BlackElo "1600"]
[PlyCount "62"]

1. d4 Nf6 2. Bg5 g6 3. Nf3 Bg7 4. Nbd2 d6 5. e3 O-O 6. Bc4 d5 7. Bd3 Bg4 8. c3
Nbd7 9. h3 Bxf3 10. Nxf3 Re8 11. Ne5 c6 12. O-O Nxe5 13. dxe5 Nd7 14. f4 f6 15.
e6 fxg5 16. exd7 Qxd7 17. fxg5 Rf8 18. Rxf8+ Rxf8 19. e4 Kh8 20. Qe1 e6 21. Qh4
Be5 22. exd5 Rf4 23. Qe1 Qxd5 24. Rd1 Qc5+ 25. Kh1 h5 26. Bc2 Rf2 27. Qe4 Qd6
28. Kg1 Qc5 29. Kh1 Qd6 30. h4 Qxd1+ 31. Bxd1 Rf1# 0-1

[Event "Top Jeunes"]
[Site "Montpellier"]
[Date "2010.12.19"]
[Round "5.7"]
[White "Le, Quan Anh"]
[Black "Hebert, Floriane"]
[Result "0-1"]
[WhiteElo "1420"]
[BlackElo "1419"]
[PlyCount "126"]

1. e4 e5 2. Nf3 Nc6 3. Bb5 Nf6 4. O-O Bb4 5. c3 Bc5 6. d4 exd4 7. cxd4 Bb6 8.
d5 Nb4 9. a3 Na6 10. e5 Nxd5 11. Qxd5 c6 12. Qb3 cxb5 13. Bg5 Qc7 14. Nc3 Nc5
15. Qc2 a6 16. Be7 Na4 17. Bd6 Qc6 18. Qb3 h6 19. Rac1 Bc5 20. Bxc5 Nxc5 21.
Qd5 b6 22. Qxc6 dxc6 23. Rcd1 Bd7 24. b4 Na4 25. Nxa4 bxa4 26. Rd6 Ra7 27. Nd4
Rc7 28. e6 Bxe6 29. Nxe6 fxe6 30. Rxe6+ Kf7 31. Rfe1 Rd8 32. R6e5 Rd3 33. Ra1
Rc3 34. g3 c5 35. Rf5+ Kg6 36. Rf4 c4 37. h4 Rd3 38. Re4 Rc6 39. g4 c3 40. f4
c2 41. f5+ Kh7 42. Ree1 Rg3+ 43. Kf2 Rxg4 44. Rac1 Rxh4 45. f6 Rxf6+ 46. Kg3
Rc4 47. Re2 Rc3+ 48. Kg2 Rxa3 49. Rexc2 Rb3 50. Rc7 Rxb4 51. Ra7 a5 52. Rcc7
Rg6+ 53. Kf3 a3 54. Rc8 a2 55. Raa8 Rf6+ 56. Ke3 a1=Q 57. Rh8+ Kg6 58. Rac8
Qe5+ 59. Kd3 Rd6+ 60. Kc2 Qe4+ 61. Kc3 Rd3+ 62. Kc2 Qe2+ 63. Kc1 Rd1# 0-1

[Event "Top Jeunes"]
[Site "Montpellier"]
[Date "2010.12.19"]
[Round "5.8"]
[White "Legros, Aymeric"]
[Black "Petit, Jimmy"]
[Result "0-1"]
[WhiteElo "1370"]
[BlackElo "1280"]
[PlyCount "39"]

1. e4 e5 2. Nf3 Nc6 3. d4 exd4 4. Nxd4 Nxd4 5. Qxd4 d6 6. Nc3 Nf6 7. Bf4 Be7 8.
Bc4 O-O 9. O-O a5 10. Qe3 Be6 11. Bd3 Ng4 12. Qg3 Bh4 13. Qf3 Nf6 14. Rad1 Bg4
15. Qe3 Bxd1 16. Rxd1 Ng4 17. Qh3 Nxf2 18. Qf5 Nxd1 19. Nxd1 g6 20. Qg4 0-1

[Event "Top Jeunes"]
[Site "Montpellier"]
[Date "2010.12.19"]
[Round "5.9"]
[White "Petit, Jimmy"]
[Black "Le, Quan Anh"]
[Result "0-1"]
[WhiteElo "1280"]
[BlackElo "1420"]
[PlyCount "86"]

1. e4 e5 2. Nf3 Nc6 3. Bc4 Nf6 4. Ng5 d5 5. exd5 Nd4 6. O-O Bd6 7. Nc3 h6 8.
Nf3 Bg4 9. Be2 Nxe2+ 10. Qxe2 O-O 11. h3 Bh5 12. d3 Be7 13. Be3 Nxd5 14. Nxd5
Qxd5 15. g4 Bg6 16. Qd1 e4 17. c4 Qxd3 18. Qxd3 exd3 19. c5 Rad8 20. Ne5 Bf6
21. Nxg6 fxg6 22. Bf4 Bxb2 23. Rab1 Rxf4 24. Rxb2 b6 25. cxb6 cxb6 26. f3 Rc4
27. Re1 Rc2 28. Rbb1 Rxa2 29. Re7 d2 30. Rd1 Rc2 31. Rxa7 Rc1 32. Ra1 Rxd1+ 33.
Rxd1 b5 34. Kf2 b4 35. Ke2 Kf7 36. Rxd2 Rxd2+ 37. Kxd2 Kf6 38. f4 Ke6 39. Kc2
Kd5 40. f5 gxf5 41. gxf5 Ke5 42. Kb3 Kxf5 43. Kxb4 Kf4 0-1

[Event "Top Jeunes"]
[Site "Montpellier"]
[Date "2010.12.19"]
[Round "6.1"]
[White "Giroyan, Gary"]
[Black "Martin, Axel"]
[Result "1-0"]
[WhiteElo "2258"]
[BlackElo "1952"]
[PlyCount "65"]
[EventDate "19.??.??"]

1. e4 e5 2. Nf3 Nf6 3. Nxe5 d6 4. Nf3 Nxe4 5. Nc3 Nxc3 6. dxc3 Be7 7. Be3 Nc6
8. Qd2 Be6 9. O-O-O Qd7 10. Kb1 Ne5 11. Bd4 f6 12. b3 a5 13. a4 O-O 14. Bxe5
fxe5 15. Nxe5 Qc8 16. Nf3 c6 17. Bd3 b5 18. Rhe1 Bf6 19. axb5 a4 20. b4 c5 21.
c4 a3 22. Ka2 d5 23. cxd5 Bxd5+ 24. c4 Bf7 25. Ne5 Bxe5 26. Rxe5 cxb4 27. Qxb4
Rd8 28. Rc5 Qg4 29. Rd2 Rd4 30. b6 Rad8 31. b7 Rxd3 32. Rxd3 Qe2+ 33. Qd2 1-0

Rxd3 32. Rxd3 Qe2+ 33. Qd2 1-0

[Event "Top Jeunes"]
[Site "Montpellier"]
[Date "2010.12.19"]
[Round "6.2"]
[White "Grigorian, Roudolph"]
[Black "Neri, Jean-Baptiste"]
[Result "1/2-1/2"]
[WhiteElo "1888"]
[BlackElo "2063"]
[PlyCount "75"]
[EventDate "19.??.??"]

1. e4 c5 2. Nf3 Nc6 3. d4 cxd4 4. Nxd4 g6 5. Be3 Bg7 6. Nc3 Nf6 7. Be2 d6 8.
O-O O-O 9. Nb3 b6 10. f4 Bb7 11. Bf3 Nd7 12. Rb1 Na5 13. Nxa5 bxa5 14. Bd4 Bh6
15. g3 Nb6 16. Nd5 Bxd5 17. exd5 Qc7 18. b3 Bg7 19. c4 Bxd4+ 20. Qxd4 Rfc8 21.
Rbe1 a4 22. Bg4 Re8 23. Re3 axb3 24. axb3 a5 25. f5 Qc5 26. Qxc5 dxc5 27. Rfe1
Kf8 28. Bf3 Rac8 29. Be2 gxf5 30. Bd3 a4 31. bxa4 Ra8 32. Bxf5 Nxc4 33. R3e2
Nb6 34. Bxh7 Nxd5 35. Be4 Nc3 36. Bxa8 Nxe2+ 37. Rxe2 Rxa8 38. Rc2 1/2-1/2

 37. Rxe2 Rxa8 38. Rc2 1/2-1/2

[Event "Top Jeunes"]
[Site "Montpellier"]
[Date "2010.12.19"]
[Round "6.3"]
[White "Lamard, Guillaume"]
[Black "Dumas, Charles"]
[Result "1/2-1/2"]
[WhiteElo "2152"]
[BlackElo "1800"]
[PlyCount "88"]
[EventDate "19.??.??"]

1. d4 d5 2. c4 c6 3. Nf3 Nf6 4. Qc2 g6 5. Bf4 Bg7 6. e3 O-O 7. Be2 c5 8. O-O
cxd4 9. Nxd4 Nc6 10. Nxc6 bxc6 11. Nc3 e6 12. Rfd1 Qe7 13. Bg3 Bb7 14. Bf3 Rfd8
15. Qb3 Ba6 16. cxd5 cxd5 17. Rac1 Rac8 18. h3 Bb7 19. Nb5 Ba8 20. Qa4 Qd7 21.
Qa5 Bc6 22. Nxa7 Ra8 23. Rxc6 Rxa7 24. Qc5 Ne8 25. e4 d4 26. e5 Rxa2 27. Bh4
Rb8 28. Rxd4 Qa7 29. b4 Qxc5 30. Rxc5 Rb2 31. b5 Bf8 32. Rc1 R2xb5 33. Rcd1 Rc5
34. Rd8 Rcc8 35. Rxc8 Rxc8 36. Rd8 Rxd8 37. Bxd8 Bh6 38. Bc6 Ng7 39. g4 Bf4 40.
Bf6 g5 41. Kg2 h6 42. Kf3 Kf8 43. Ke4 Bh2 44. f3 Bg3 1/2-1/2

43. Ke4 Bh2 44. f3 Bg3 1/2-1/2

[Event "Top Jeunes"]
[Site "Montpellier"]
[Date "2010.12.19"]
[Round "6.4"]
[White "Rodriguez, Adrien"]
[Black "Froment, Theophile"]
[Result "1-0"]
[WhiteElo "1859"]
[BlackElo "1877"]
[PlyCount "43"]
[EventDate "19.??.??"]

1. d4 Nf6 2. Nf3 c5 3. e3 b6 4. c4 cxd4 5. exd4 Bb7 6. Nc3 g6 7. Be2 Bg7 8. O-O
O-O 9. Bf4 d5 10. Qd2 Re8 11. Nb5 Na6 12. Rac1 Rc8 13. Nxa7 Ra8 14. Nb5 dxc4
15. Rxc4 Nd5 16. Bg3 Qd7 17. a4 f6 18. Rfc1 Red8 19. h4 Rdc8 20. h5 g5 21. Nh2
Nac7 22. Nxc7 1-0

 g5 21. Nh2
Nac7 22. Nxc7 1-0

[Event "Top Jeunes"]
[Site "Montpellier"]
[Date "2010.12.19"]
[Round "6.5"]
[White "Meunier, Clement"]
[Black "Albaric, Etienne"]
[Result "1-0"]
[WhiteElo "1841"]
[BlackElo "1707"]
[PlyCount "89"]
[EventDate "19.??.??"]

1. e4 c5 2. Nf3 d6 3. d4 cxd4 4. Nxd4 Nf6 5. Nc3 g6 6. f4 Nc6 7. Nb3 Bg7 8. Be2
O-O 9. O-O a6 10. Bf3 Bd7 11. a4 Rc8 12. a5 b6 13. axb6 Qxb6+ 14. Kh1 Be6 15.
Nd5 Bxd5 16. exd5 Nb8 17. Re1 Rfe8 18. Be3 Qc7 19. Rc1 Nbd7 20. c4 Nc5 21. Nxc5
dxc5 22. Qa4 Qb6 23. Ra1 Rb8 24. Qxa6 Qxa6 25. Rxa6 Rec8 26. Rc6 Nd7 27. Bg1
Bf6 28. Rxc8+ Rxc8 29. Bg4 Rc7 30. Bxd7 Rxd7 31. Bxc5 e6 32. b4 Bc3 33. dxe6
fxe6 34. Rc1 Bb2 35. Rb1 Bf6 36. b5 Rb7 37. Be3 Kf7 38. c5 Bd8 39. c6 Rb8 40.
b6 Bxb6 41. Bxb6 Rc8 42. c7 Ke7 43. Rd1 Ra8 44. Rd8 Ra1+ 45. Bg1 1-0

1 Ra8 44. Rd8 Ra1+ 45. Bg1 1-0

[Event "Top Jeunes"]
[Site "Montpellier"]
[Date "2010.12.19"]
[Round "6.6"]
[White "Roque, Gaetan"]
[Black "Raynaud, Jean-Philippe"]
[Result "1-0"]
[WhiteElo "1561"]
[BlackElo "1620"]
[PlyCount "55"]
[EventDate "19.??.??"]

1. d4 d5 2. Nf3 c6 3. e3 Bg4 4. c4 e6 5. Nc3 Nf6 6. Be2 Bd6 7. O-O O-O 8. Ne5
Bxe2 9. Qxe2 Nbd7 10. f4 Bb4 11. Rb1 Qc7 12. Bd2 Bxc3 13. Bxc3 Ne4 14. Bb4 Rfe8
15. Rf3 a5 16. Ba3 Nb6 17. Rh3 f6 18. c5 fxe5 19. cxb6 Qxb6 20. fxe5 Nc3 21.
Qh5 h6 22. Rf1 Ne4 23. Qf7+ Kh8 24. Rf6 Nxf6 25. exf6 Rg8 26. fxg7+ Kh7 27. Rg3
Rac8 28. Qg6# 1-0

Kh7 27. Rg3
Rac8 28. Qg6# 1-0

[Event "Top Jeunes"]
[Site "Montpellier"]
[Date "2010.12.19"]
[Round "6.7"]
[White "Mautin, Arthur"]
[Black "Parent, Leo"]
[Result "1-0"]
[WhiteElo "1430"]
[BlackElo "1009"]
[PlyCount "89"]
[EventDate "19.??.??"]

1. d4 d5 2. c4 dxc4 3. e3 Nf6 4. Bxc4 Bf5 5. Nc3 e6 6. Nf3 Bb4 7. O-O O-O 8.
Bd2 Nc6 9. a3 Ba5 10. Rc1 a6 11. h3 Qd7 12. Qb3 Rab8 13. Rfd1 b5 14. Be2 Na7
15. Ne5 Qd6 16. Bf3 h6 17. Na2 Bxd2 18. Rxd2 Rb6 19. Nb4 c5 20. Rxc5 Nd7 21.
Nxd7 Qxd7 22. Rd1 Rbb8 23. Nxa6 Rbc8 24. Rdc1 f6 25. Rc7 Qd6 26. Rxc8 Rxc8 27.
Rxc8+ Nxc8 28. Qxb5 Na7 29. Qb8+ Qxb8 30. Nxb8 Nb5 31. a4 Nd6 32. b4 Nc4 33. a5
e5 34. Bd5+ Kh7 35. Bxc4 exd4 36. exd4 Be4 37. a6 Ba8 38. d5 Kg8 39. b5 Kf8 40.
b6 Ke7 41. b7 Bxb7 42. axb7 Kd8 43. Nc6+ Kd7 44. b8=Q g5 45. Qd8# 1-0

+ Kd7 44. b8=Q g5 45. Qd8# 1-0

[Event "Top Jeunes"]
[Site "Montpellier"]
[Date "2010.12.19"]
[Round "6.8"]
[White "Bergougnoux, Axel"]
[Black "Ruble, Louis"]
[Result "1/2-1/2"]
[WhiteElo "1360"]
[BlackElo "1009"]
[PlyCount "97"]
[EventDate "19.??.??"]

1. e4 c6 2. Nc3 d5 3. Nf3 dxe4 4. Nxe4 Bf5 5. Ng3 Be6 6. d4 Bg4 7. Bc4 Nf6 8.
c3 e6 9. O-O Bd6 10. h3 Bxf3 11. Qxf3 O-O 12. Bg5 Be7 13. Bxf6 Bxf6 14. Nh5 Nd7
15. Rfe1 b5 16. Bd3 Rc8 17. Qe4 g6 18. Rad1 a6 19. Re3 Re8 20. Rg3 Bh4 21. Rf3
Nf8 22. Ng3 Qg5 23. Qe5 Qxe5 24. dxe5 Rcd8 25. Ne4 Nd7 26. Rf4 Be7 27. Nd6 Rf8
28. Re4 Nxe5 29. Rxe5 Bxd6 30. Re2 c5 31. Be4 Bh2+ 32. Kxh2 Rxd1 33. Bb7 a5 34.
Re5 Rb1 35. b3 Ra1 36. Rxc5 Rxa2 37. Rxb5 Rb8 38. c4 Rc2 39. c5 Kf8 40. Kg3 Ke7
41. Kf3 Kd7 42. Ke3 Kc7 43. c6 Ra2 44. Kd3 a4 45. Kc3 axb3 46. Kxb3 Ra7 47. Kc4
Kd8 48. Kc5 Kc7 49. Kd4 1/2-1/2

d8 48. Kc5 Kc7 49. Kd4 1/2-1/2

[Event "Top Jeunes"]
[Site "Montpellier"]
[Date "2010.12.19"]
[Round "6.9"]
[White "Ruble, Louis"]
[Black "Mautin, Arthur"]
[Result "1/2-1/2"]
[WhiteElo "1009"]
[BlackElo "1430"]
[PlyCount "68"]
[EventDate "19.??.??"]

1. d4 d5 2. Nc3 Nf6 3. Bf4 Bf5 4. Nf3 e6 5. a3 Be7 6. e3 a6 7. Bd3 Bxd3 8. Qxd3
O-O 9. O-O Nc6 10. h3 Nh5 11. Ne2 Nxf4 12. Nxf4 Bd6 13. Ne2 Qf6 14. e4 dxe4 15.
Qxe4 e5 16. d5 Ne7 17. b4 b5 18. Rac1 Rac8 19. Ng3 c5 20. Qg4 Nxd5 21. Nh5 Qg6
22. Rcd1 Nf4 23. Rxd6 Qxg4 24. hxg4 Ne2+ 25. Kh1 cxb4 26. axb4 Rxc2 27. Rxa6 g6
28. Nf6+ Kg7 29. Nxe5 Rfc8 30. Nd3 R8c4 31. Ne8+ Kf8 32. Ra8 Ke7 33. Ne5 Rc8
34. Rxc8 Rxc8 1/2-1/2

Ne5 Rc8
34. Rxc8 Rxc8 1/2-1/2

[Event "Top Jeunes"]
[Site "Montpellier"]
[Date "2010.12.19"]
[Round "6.10"]
[White "Parent, Leo"]
[Black "Bergougnoux, Axel"]
[Result "1/2-1/2"]
[WhiteElo "1009"]
[BlackElo "1360"]
[PlyCount "71"]
[EventDate "19.??.??"]

1. e4 d5 2. exd5 Nf6 3. Bc4 Nxd5 4. Bxd5 Qxd5 5. Nc3 Qxg2 6. Qf3 Qxf3 7. Nxf3
Nc6 8. d4 Bf5 9. Bf4 O-O-O 10. O-O-O e6 11. a3 Bg4 12. Rd3 Bxf3 13. Rxf3 Nxd4
14. Rd3 Nf5 15. Rxd8+ Kxd8 16. Rd1+ Bd6 17. Nb5 Ke7 18. Bxd6+ cxd6 19. Nxa7 Ra8
20. Nb5 Ra5 21. Nc3 e5 22. Nd5+ Ke6 23. Nc7+ Kd7 24. Nd5 Nd4 25. Nb6+ Kc6 26.
Nc4 Rd5 27. Kb1 Kb5 28. b3 Kc6 29. Ne3 Ra5 30. Nc4 Ra7 31. a4 f5 32. Kb2 g5 33.
c3 Nf3 34. Rxd6+ Kc7 35. Re6 Kd7 36. Rd6+ 1/2-1/2

7 35. Re6 Kd7 36. Rd6+ 1/2-1/2